Revuelta en las ciudades (Record no. 110216)
[ view plain ]
| 000 -LEADER | |
|---|---|
| fixed length control field | 01102nam a22002897a 4500 |
| 005 - DATE AND TIME OF LATEST TRANSACTION | |
| control field | 20170327141415.0 |
| 008 - FIXED-LENGTH DATA ELEMENTS--GENERAL INFORMATION | |
| fixed length control field | 151204b mx ||||| |||| 00| 0 spa d |
| 020 ## - INTERNATIONAL STANDARD BOOK NUMBER | |
| International Standard Book Number | 9707014334 |
| 050 04 - LIBRARY OF CONGRESS CALL NUMBER | |
| Classification number | HM 881 |
| Item number | A77 2004 |
| 050 04 - LIBRARY OF CONGRESS CALL NUMBER | |
| Classification number | HV6485.L29 |
| Item number | R48 2004 |
| 245 00 - TITLE STATEMENT | |
| Title | Revuelta en las ciudades |
| Remainder of title | : políticas populares en América Latina |
| Statement of responsibility, etc | / Anthony Mcfarlane,...[et al.] ; Silvia Marina Arrom, Servando Ortoll (coordinadores), |
| 250 ## - EDITION STATEMENT | |
| Edition statement | 1a ed. |
| 260 ## - PUBLICATION, DISTRIBUTION, ETC. (IMPRINT) | |
| Place of publication, distribution, etc | México : |
| Name of publisher, distributor, etc | Miguel Ángel Porrúa |
| 260 ## - PUBLICATION, DISTRIBUTION, ETC. (IMPRINT) | |
| Name of publisher, distributor, etc | Universidad Autónoma Metropolitana |
| 260 ## - PUBLICATION, DISTRIBUTION, ETC. (IMPRINT) | |
| Name of publisher, distributor, etc | El Colegio de Sonora, |
| Date of publication, distribution, etc | 2004 |
| 300 ## - PHYSICAL DESCRIPTION | |
| Extent | 302 p. |
| Dimensions | 21 cm. |
| 490 0# - SERIES STATEMENT | |
| Series statement | Biblioteca de Signos ; |
| Volume number/sequential designation | Número: 27 |
| 504 ## - BIBLIOGRAPHY, ETC. NOTE | |
| Bibliography, etc | Bibliografía : p. 299-302 |
| 650 #7 - SUBJECT ADDED ENTRY--TOPICAL TERM | |
| Source of heading or term | lemb |
| Topical term or geographic name as entry element | Tumultos |
| Geographic subdivision | América latina |
| 650 #4 - SUBJECT ADDED ENTRY--TOPICAL TERM | |
| Topical term or geographic name as entry element | Disturbios |
| Geographic subdivision | América latina |
| 650 #7 - SUBJECT ADDED ENTRY--TOPICAL TERM | |
| Source of heading or term | lemb |
| Topical term or geographic name as entry element | Pobreza urbana |
| General subdivision | Historia |
| Geographic subdivision | América latina |
| 650 #7 - SUBJECT ADDED ENTRY--TOPICAL TERM | |
| Source of heading or term | lemb |
| Topical term or geographic name as entry element | Ciudades y pueblos |
| General subdivision | Historia |
| Geographic subdivision | América latina |
| 700 1# - ADDED ENTRY--PERSONAL NAME | |
| Personal name | Arrom, Silvia Marina |
| Relator term | coaut. y coord. |
| 700 1# - ADDED ENTRY--PERSONAL NAME | |
| Personal name | Ortoll, Servando |
| Relator term | coaut. y coord. |
| 700 1# - ADDED ENTRY--PERSONAL NAME | |
| Personal name | Mcfarlane, Anthony |
| Relator term | coaut. |
| 942 ## - ADDED ENTRY ELEMENTS (KOHA) | |
| Source of classification or shelving scheme | Biblioteca del Cogreso de los Estados Unidos |
| Koha item type | Libro |
| Estado de pérdida | Fuente de clasificación | Estado del daño | No para préstamo | Ubicación permanente | Ubicación actual | Apartado o colección | Fecha de adquisición | Área del conocimiento | Clasificación | Código de Barras | Date last seen | Número de copia | Tipo de recurso | Fuente de adquisición | Edición |
|---|---|---|---|---|---|---|---|---|---|---|---|---|---|---|---|
| Biblioteca del Cogreso de los Estados Unidos | Biblioteca de la Facultad de Filosofía | Biblioteca de la Facultad de Filosofía | General | 04/12/2015 | Educación y Humanidades | HM 881 A77 2004 | BFF000014657 | 04/12/2015 | C: 1 | Libro | |||||
| Biblioteca del Cogreso de los Estados Unidos | Biblioteca de la Unidad de Ciencias Ingeniería y Humanidades | Biblioteca de la Unidad de Ciencias Ingeniería y Humanidades | Colección "Miguel Ángel Porrúa" | 27/03/2017 | Ciencias Sociales y Administrativas | HV6485.L29 R48 2004 | BCU000018109 | 27/03/2017 | 1 | Libro | Donación | 1a |